00479nam a2200145Ia 4500008004100000041000800041082001700049100001400066245004500080260003500125300003100160365000700191999001300198952012200211240624s9999 xx 000 0 und d aeng a382.0952 SWA aSWAMY S A aTRADE AND INDUSTRY IN JAPAN A GUIDE TO I c1993aNew DelhibPrentice-Hall axvi, : 471 : p. : cm. ; 26 cRS c263d263 00104070aIMTNbIMTNcRack 16-Bd2004-10-20eJBDg250.00o382.0952 SWAp263r2024-06-24 00:00:00t1w2024-06-24yBK